00514 2200181 4500001002100000005001500021035002000036007000300056008004100059082001600100084002200116100002000138245005700158260004400215300004100259650001600300990001600316INLIS00000000000497820230627095432 a0010-0323000012ta230627 g 0 dut  a551.21(922) a551.21(922) TAC v1 aTACERNE, N.J.M.1 aVulkanologiesche berichten XXX-XLI /cN.J.M. Tacerne aWeltevreden :bBoekhandel Visser,c1924 a86 p. :bill. ;c24 cm. + Appendices 4aVULCANOLOGY a00000003394